00299nam a2200121Ia 45000030006000000080041000060400015000471000020000622450035000822600031001175460012001480050017001600STCL150530s9999 xx 000 0 und d aSTCLcSTCL aAiyappan, A. Ed aHand book of museum techniques bGovernment of Madrasc1960 aEnglish20220125170418.0